[Membership lists] (Record no. 116733)

MARC details
000 -LEADER
fixed length control field 00885ctc a22002175a 4500
001 - CONTROL NUMBER
control field L141544
008 - FIXED-LENGTH DATA ELEMENTS--GENERAL INFORMATION
fixed length control field 071130i19241967xxk eng u
035 ## - SYSTEM CONTROL NUMBER
System control number (Sirsi) u141544
041 0# - LANGUAGE CODE
Language code of text/sound track or separate title eng
110 1# - MAIN ENTRY--CORPORATE NAME
Corporate name or jurisdiction name as entry element Incorporated Society of Auctioneers and Landed Property Agents
9 (RLIN) 4878
245 01 - TITLE STATEMENT
Title [Membership lists]
Medium [manuscript]
260 ## - PUBLICATION, DISTRIBUTION, ETC.
Date of publication, distribution, etc. 1924-ca. 1966
300 ## - PHYSICAL DESCRIPTION
Extent 8 v.
Dimensions 38 x 46 m., or smaller
340 ## - PHYSICAL MEDIUM
Material base and configuration Manuscript
351 ## - ORGANIZATION AND ARRANGEMENT OF MATERIALS
Hierarchical level Fonds
500 ## - GENERAL NOTE
General note Collection consists of membership registers dating from 1924 to around 1967, when the organisation merged with the Valuers' Institution to become the Incorporated Society of Valuers and Auctioneers. Includes a separate student members' roll for c. 1929-1943.
651 4# - SUBJECT ADDED ENTRY--GEOGRAPHIC NAME
Geographic name United Kingdom
Chronological subdivision
690 ## - LOCAL SUBJECT ADDED ENTRY--TOPICAL TERM (OCLC, RLIN)
Topical term or geographic name as entry element ABOUT RICS-RELATED ORGANISATIONS
710 2# - ADDED ENTRY--CORPORATE NAME
Corporate name or jurisdiction name as entry element Incorporated Society of Valuers and Auctioneers
9 (RLIN) 1201
942 ## - ADDED ENTRY ELEMENTS (KOHA)
Suppress in OPAC 0
Holdings
Withdrawn status Lost status Source of classification or shelving scheme Damaged status Not for loan Home library Current library Shelving location Date acquired Total Checkouts Full call number Barcode Date last seen Copy number Price effective from Koha item type
    Dewey Decimal Classification     London London Basement 30/11/2007   ISVA 141544-1001 06/08/2019 1 06/08/2019 Archive